|
|
|
|
| LEADER |
00000nam0a2200000 4500 |
| 001 |
271557 |
| 005 |
20231101234440.0 |
| 035 |
|
|
|a (RuTPU)RU\TPU\book\294758
|
| 090 |
|
|
|a 271557
|
| 100 |
|
|
|a 20141009d1987 k y0rusy50 ca
|
| 101 |
0 |
|
|a rus
|
| 102 |
|
|
|a KZ
|
| 105 |
|
|
|a a z 001zy
|
| 200 |
1 |
|
|a Технология и экономика разработки жильных месторождений
|f А. Е. Ергалиев [и др.]
|g Академия наук Казахской ССР (АН КазССР), Институт горного дела (ИГД) ; отв. ред. А. Ф. Назарчик
|
| 210 |
|
|
|a Алма-Ата
|c Наука
|d 1987
|
| 215 |
|
|
|a 184 с.
|c ил.
|
| 320 |
|
|
|a Библиогр.: с. 177-181
|
| 606 |
1 |
|
|a Жильные месторождения
|x Системы разработки
|2 stltpush
|3 (RuTPU)RU\TPU\subj\11119
|9 38103
|
| 610 |
1 |
|
|a технология
|
| 610 |
1 |
|
|a экономика
|
| 610 |
1 |
|
|a технологические схемы
|
| 610 |
1 |
|
|a выемка
|
| 610 |
1 |
|
|a экономическая целесообразность
|
| 610 |
1 |
|
|a конструктивные параметры
|
| 610 |
1 |
|
|a трудоемкость
|
| 610 |
1 |
|
|a трудоемкость
|
| 675 |
|
|
|a 622.34
|v 4
|
| 701 |
|
1 |
|a Ергалиев
|b А. Е.
|g Абдеш Ергалиевич
|
| 701 |
|
1 |
|a Шорманов
|b А. М.
|
| 701 |
|
1 |
|a Исмагулов
|b Д. А.
|
| 701 |
|
1 |
|a Мухаев
|b Н. И.
|
| 702 |
|
1 |
|a Назарчик
|b А. Ф.
|g Александр Федорович
|4 340
|
| 712 |
0 |
2 |
|a Академия наук Казахской ССР (АН КазССР)
|b Институт горного дела (ИГД)
|c (Алма-Ата)
|2 stltpush
|3 (RuTPU)RU\TPU\col\19178
|
| 801 |
|
1 |
|a RU
|b 63413507
|c 20141009
|
| 801 |
|
2 |
|a RU
|b 63413507
|c 20190620
|g RCR
|
| 942 |
|
|
|c BK
|